The insistence of God. A theology of perhaps.
Պահպանված է:
| Հիմնական հեղինակ: | |
|---|---|
| Ձևաչափ: | Անհայտ |
| Հրապարակվել է: |
Bloomington, USA:
Indiana University Press,
2013.
|
| Խորագրեր: | |
| Ցուցիչներ: |
Ավելացրեք ցուցիչ
Չկան պիտակներ, Եղեք առաջինը, ով նշում է այս գրառումը!
|
MARC
| LEADER | 00000 a2200000 4500 | ||
|---|---|---|---|
| 003 | CL-VaPUC | ||
| 005 | 20231106131427.0 | ||
| 008 | 231031t2013| |||| 00| 0 eng d | ||
| 999 | |c 442128 |d 442126 | ||
| 020 | |a 9780253010070 | ||
| 040 | |c Pontificia Universidad Católica de Valparaíso | ||
| 082 | |a 231 CAP 2013 | ||
| 100 | |a Caputo, John |9 578384 |e author | ||
| 245 | 1 | 4 | |a The insistence of God. |b A theology of perhaps. |
| 260 | |a Bloomington, USA: |b Indiana University Press, |c 2013. | ||
| 300 | |a xii, 307 páginas. | ||
| 583 | |k GC |c 20231031 | ||
| 650 | |a Dios (Cristiandad) |9 885441 | ||
| 650 | |a Postmodernismo |x Aspectos religiosos |x Cristiandad |9 885442 | ||
| 942 | |2 ddc |c BK | ||
| 952 | |0 0 |1 0 |2 ddc |4 0 |6 231_000000000000000_CAP_2013 |7 0 |8 A |9 592200 |a BIBTEO |b BIBTEO |c GEN |d 2023-10-31 |e 1 |g 39656.00 |i 5659252 |l 1 |m 2 |o 231 CAP 2013 |p 5659252 |r 2025-01-17 |s 2024-01-05 |t 1 |v 39656.00 |w 2023-10-31 |y BK |k ICR | ||